00757 a2200205 4500003000500000005001700005040000900022082001000031100002900041245008000070260002000150300001400170505017700184538003400361650001600395651001100411942000800422999001900430952010200449Nust20170207153205.0 cNust a005.1 aLatif, Khalid (MSCS-1) aImplementation of industrial production planning and controlcKhalid Latif  bMCScJuly, 1998 ax, 134 p. aIntroduction (page-1), Database systems (page-7), Oracle database management systems (page-35), Implementation and results (page-50), Conclusion and future work (page-102). aAlmirah No. 73 and Shelf No 1 aMSCS Thesis aMSCS-1 cTHS c181166d181166 00102ddc40708NFICaMCSbMCSd2016-12-12l0o005.1 LATpMCSTCS-2r2016-12-08w2016-12-12yBK